Bài tập trắc nghiệm và các đề kiểm tra hình học 11

Salvato in:
Dettagli Bibliografici
Autore principale: Văn, Như Cương
Natura: Libro
Lingua:Undetermined
Pubblicazione: Hà Nội Giáo dục 2009
Soggetti:
Tags: Aggiungi Tag
Nessun Tag, puoi essere il primo ad aggiungerne! !
Thư viện lưu trữ: Trung tâm Học liệu Trường Đại học Cần Thơ
LEADER 00725nam a2200205Ia 4500
001 CTU_185256
008 210402s9999 xx 000 0 und d
020 |c 12000 
082 |a 516.0076 
082 |b C561 
100 |a Văn, Như Cương 
245 0 |a Bài tập trắc nghiệm và các đề kiểm tra hình học 11 
245 0 |c Văn Như Cương, Nguyễn Thị Lan Phương 
260 |a Hà Nội 
260 |b Giáo dục 
260 |c 2009 
650 |a Geometry,Hình học 
650 |x Study and teaching (Secondary),Problems, exercises,Dạy và học (trung học),Câu hỏi, bài tập 
904 |i Hải 
980 |a Trung tâm Học liệu Trường Đại học Cần Thơ